00627nam a2200229 a 4500001001300000003000900013005001700022008004100039020001000080082001400090245003100104260003600135300000900171500003500180505001900215650001600234710002300250902000800273942000700281952009400288999001500382nice12345678IN_TiNIC20260116011859.0050524s1912 caia grp 000 0 ara  ac10000a239bNIL1 aRisala Al-Kandi Ila Hashmi aCairobNile Mission Pressc1912 a181p aincludes index and biblioraphy2 aReserve copies aApologetics2 aNile Mission Press bRBA cBK 00104070aHMIbHMId2007-06-22g100.00l0o239 NIL1p5144r2007-06-22w2026-01-16yARB c4679d4679